| 000 | 00674nam a2200205Ia 4500 | ||
|---|---|---|---|
| 003 | GCL | ||
| 008 | 140319s9999 xx 000 0 ara d | ||
| 040 |
_aGCL / _cGCL |
||
| 082 | 0 | 4 |
_a923.3 _bك ف |
| 100 | 1 | _aكمال حمدى ابوالخير | |
| 245 | 1 | 0 |
_aفردريش فلهلم رايغيزن: تاريخه وافكاره ومشروعاته / _cكمال حمدى ابوالخير |
| 300 | _a254 ص | ||
| 490 |
_aسلسلة رواد التعاون _v0 |
||
| 650 | 0 | 4 | _aالتراجم |
| 650 | 0 | 4 | _aالتعاون |
| 650 | 0 | 4 | _aالرجال - تراجم |
| 650 | 0 | 4 | _aالاقتصاديون |
| 650 | 0 | 4 | _aرايفيزن, فردريش فلهلم |
| 942 |
_2ddc _cBK |
||
| 999 |
_c50081 _d50081 |
||